| 000 | 00881nam a22002417a 4500 | ||
|---|---|---|---|
| 005 | 20240530110343.0 | ||
| 008 | 141124s2010 ua gr 000 0 ara d | ||
| 040 | _aEG-CaGPL | ||
| 041 | _aara | ||
| 082 | 0 | 4 |
_221 _a155.4\ _bم ط |
| 100 | 0 | _aمجدى احمد محمد عبدالله | |
| 245 | 1 | 2 |
_aالطب النفسى للاطفال بين النظرية والتطبيق / _cمجدى احمد محمد عبدالله |
| 250 | _aط1 | ||
| 260 |
_aالاسكندرية : _bدار المعرفة الجامعية ، _c2010 |
||
| 300 |
_a438 ص ؛ _c24 سم |
||
| 504 | _aببليوجرافية : ص 431 - 438 | ||
| 650 | 0 | 4 | _aالطب النفسى |
| 650 | 0 | 4 |
_aالاطفال _xعلم النفس |
| 650 | 0 | 4 | _aطب الاطفال النفسى |
| 650 | 0 | 4 |
_aالاطفال _xالعلاج النفسى |
| 942 |
_2ddc _cBK |
||
| 999 |
_c59928 _d59928 |
||